Statistics for Οι 10 μεγαλύτερες χώρες σε έκταση

Click here to take the quiz!

General Stats

  • This quiz has been taken 515 times
  • The average score is 9 of 10

Answer Stats

ΚατάταξηΈκταση (τ.χλμ)Χώρα% Correct
1.17.098.242Ρωσία
100%
3.9.833.517ΗΠΑ
99%
4.9.596.960Κίνα
98%
2.9.984.670Καναδάς
94%
5.8.515.770Βραζιλία
94%
7.3.287.263Ινδία
91%
6.7.741.220Αυστραλία
89%
8.2.780.400Αργεντινή
77%
9.2.724.900Καζακστάν
68%
10.2.381.740Αλγερία
59%

Score Distribution

Percentile by Number Answered

Percent of People with Each Score

Your Score History

You have not taken this quiz